000 02031nam a2200445 c 4500
003 BLK
005 20240913133315.0
008 180408b bul|||||r ||||||| ||bul||
010 _aKNG00045106000
020 _a978-954-625-595-2
_bиздат.: Фют
040 _aBLK
041 _aBUL
_cBUL
072 7 _2bullib
_aН86
_xДетска отраслова литература Н
080 _aЗабавна физика, трикове, фокуси, илюзионизъм, хоби (общи въпроси). Се класифица със съотношение към съответния отдел. Вж и 792.734
_b793.8
_x(02.053.2)
_z793.8(02.053.2)
100 _aЕймъри, Хедър
_9264569
700 1 _aДимитрова, Юлия
_eпрев.
_9277814
700 1 _aКинг, Колин
_eил.
_9269737
139 _aЗнам и мога
_bЗ 80
245 1 0 _aЗнам и мога
_bНауч. опити ; Отпечатване и щамповане ; Фокуси ; Модели от хартия ; Кодиране и шифри
_cХедър Еймъри; прев. Юлия Димитрова; ил. Колин Кинг.
257 _aGBR
260 София
_bФют
_c2010
_fСофия : ПК Д. Благоев
300 _a96 с.
_bс ил.
_c28 см
380 _aDN
500 _aДруги авт. : Дж. Хиндли, И. Ейдър, Ан Сиварди, Ан. Къртис, Д. Ръмбелоу, Ф. Травис. - Ориг. загл. Book of Know How.
650 4 _aФокуси
_9175899
650 4 _aИгри за развлечение
_9245182
653 _aигри
653 _aфокуси
653 _aопити
653 _aщамповане
653 _aкодиране
653 _aукраси
659 _aН
852 _aЦб ІІ 17025
856 4 _qpdf
_u
856 4 _qpdf
_u
942 _cKNG
_n0
_06
944 _aCR
_c30.12.2011
_lНора Радева
_k30545
944 _aED
_c19.06.2015
_lф /
_kЛюдмила_Стоянова
999 _c41541
_d41541